000 01278nam0a22002651 4500
001 rc\2583818
005 20250623120936.0
035 _a(NLR Aleph) 006748242
090 _a5716984
_c5716984
100 _a20110914d1927 |||y0rusy50 ca
101 0 _arus
102 _aRU
105 _aa z |||||
200 1 _aО давлении земли на подпорные стенки
_e(Современное положение вопроса и программа желательных опытов)...
_fПроф. Н. Н. Давиденков
_gНауч.-мелиорационный ин-т
210 _aЛенинград
_cГос. науч.-мелиорационный инст-т
_d1927
_gгос. тип. им. Ив. Федорова
215 _a44, [2] с.
_cчерт., граф.
_d26х17 см.
300 _aТит. лист и обложка на рус. и англ. яз. Резюме на англ. яз.
300 _aОтдельн. оттиск из вып. XVI Известий Науч. мелиорационного инст-та
700 1 _aДавиденков
_bН.Н.
_f1879-1962
_gНиколай Николаевич
801 0 _aRU
_bNLR
_gpsbo
801 1 _aRU
_bELAR
_2rusmarc
852 _aNLR
_j59/1532
942 _cBOOK
980 _aNB